Odbytové stratégie špecifických foriem marketingovej komunikácie diplomová práca

Salvato in:
Dettagli Bibliografici
Autore principale: Michalička, Ondrej
Ente Autore: Fakulta podnikového manažmentu EU. Katedra podnikovohospodárska
Altri autori: Hrušovská, Dana, 1964-
Natura: Libro
Lingua:slovacco
Pubblicazione: Bratislava 2017
Tags: Aggiungi Tag
Nessun Tag, puoi essere il primo ad aggiungerne!!

MARC

LEADER 00000nbm a2200000 4500
001 0232492
005 20171030110707.9
041 0 |a slo 
044 |a SK 
245 1 0 |a Odbytové stratégie špecifických foriem marketingovej komunikácie  |b diplomová práca  |c Ondrej Michalička ; školiteľ: Dana Hrušovská 
264 1 |a Bratislava  |c 2017 
300 |a 67 s. 
100 1 |a Michalička, Ondrej 
700 1 |a Hrušovská, Dana, 1964- 
710 2 |a Fakulta podnikového manažmentu EU. Katedra podnikovohospodárska